| 000 | nam a22 a 4500 | ||
|---|---|---|---|
| 999 |
_c3102 _d3102 |
||
| 005 | 20170519112708.0 | ||
| 008 | 170519b1994 xxu||||| |||| 00| 0 eng d | ||
| 020 | _a1560522577 | ||
| 040 | _aAKMAL | ||
| 082 | _a658.31422 ACH | ||
| 090 |
_a658.31422 _bACH |
||
| 245 | _aAchieving Job Satisfaction / | ||
| 260 |
_aCalifornia _bCrisp Publications _c1994 |
||
| 300 |
_a85 p. _ccm |
||
| 942 |
_2ddc _cBOOK |
||